000 01419cam a2200373 i 4500
001 18408712
003 OSt
005 20240222125428.0
008 141217t20162016enk b 001 0 eng
010 _a 2014047323
020 _a9781138785977 (pbk. : alk. paper)
020 _a1138785970 (pbk. : alk. paper)
020 _z9781315714653 (ebook)
040 _aDLC
_beng
_cDLC
_erda
_dDLC
042 _apcc
043 _ae-uk---
050 0 0 _aSB469.386.G7
_bG37 2016
082 0 0 _a712.0941
_223
_bGAR
100 1 _aGarmory, Nicola.
_932118
245 1 0 _aProfessional practice for landscape architects /
_cRachel Tennant, Nicola Garmory, and Clare Winsch.
250 _aThird edition.
260 _aNew yark:
_bRoutledgw;
_c2002.
300 _aviii, 456 pages ;
_c23 cm
504 _aIncludes bibliographical references and index.
650 0 _aLandscape architecture
_zGreat Britain.
_9121090
650 0 _aPlanning
_xLaw and legislation
_zGreat Britain.
_9121091
650 0 _aLandscape architecture
_xPractice
_zGreat Britain.
_9121092
700 1 _aTennant, Rachel.
_932119
700 1 _aWinsch, Clare.
_9121093
906 _a7
_bcbc
_corignew
_d1
_eecip
_f20
_gy-gencatlg
942 _2ddc
_cREF
999 _c608022
_d608022